|
|
|
|
| LEADER |
00986cam a2200253 7i4500 |
| 001 |
0000061495 |
| 005 |
20210902090000.0 |
| 020 |
|
|
|a 9781785482274 (electronic book)
|
| 090 |
0 |
0 |
|a TA660.P6
|b L48 2017
|
| 100 |
1 |
|
|a Le van, Anh
|
| 245 |
1 |
0 |
|a Nonlinear theory of elastic plates
|c Anh Le van.
|
| 264 |
|
|
|a London:
|b ISTE,
|c 2017.
|
| 300 |
|
|
|a 1 online resource (202 pages):
|b illustrations, text file, PDF.
|
| 336 |
|
|
|a text
|2 rdacontent
|
| 337 |
|
|
|a computer
|2 rdamedia
|
| 338 |
|
|
|a online resource
|2 rdacarrier
|
| 650 |
|
0 |
|a Plates (Engineering) --
|x Vibration --
|x Mathematical models
|
| 650 |
|
0 |
|a Cylinders --
|x Vibration --
|x Mathematical models
|
| 650 |
|
0 |
|a Nonlinear oscillations --
|x Mathematical models
|
| 655 |
|
0 |
|a Electronic books
|
| 856 |
4 |
2 |
|u http://library.unisel.edu.my/web/guest/mylibrary
|
| 997 |
|
|
|a Engineering & Life Sciences, Faculty
|b Engineering, Department
|
| 998 |
|
|
|a Mechanical Engineering, Degree
|
| 999 |
|
|
|a EBO0006722
|b EBOOK
|c EBOOK
|e Electronic resources
|